8 country names in 8 asian languages - Statistics

General Stats
  • This quiz has been taken 16 times
  • The average score is 28 of 64
Answer Stats
Language Country % Correct
Vietnamese Kazakhstan
100%
Malay Kazakhstan
100%
Southern Min Kazakhstan
100%
Malay Georgia
87%
Vietnamese Gruzia
87%
Tagalog Heyorhiya
87%
Tagalog Indonesia
87%
Vietnamese Indonesia
87%
Malay Indonesia
87%
Ladino Indonesia
87%
Tagalog Israel
87%
Vietnamese Israel
87%
Kurdish Îsraêl
87%
Malay Israel
87%
Ladino Israel
87%
Tagalog Qatar
87%
Vietnamese Qatar
87%
Malay Qatar
87%
Southern Min Qatar
87%
Turkish Katar
80%
Ladino Katar
80%
Malay Rusia
73%
Ladino Rusia
73%
Tagalog Kasakistan
67%
Turkish Çin
53%
Kurdish Çîn
53%
Azerbaijani Çin
53%
Kurdish Japon
47%
Ladino Japon
47%
Ladino Kina
33%
Tagalog Rusya
33%
Turkish Rusya
33%
Kurdish Rûsya
33%
Turkish İsrail
27%
Azerbaijani İsrail
27%
Malay Jepang
20%
Turkish Kazakistan
20%
Ladino Kazakistan
20%
Malay Tiongkok
20%
Southern Min Tiong-kok
20%
Turkish Endonezya
13%
Southern Min Gruzia
13%
Turkish Gürcistan
13%
Kurdish Gurcistan
13%
Turkish Japonya
13%
Kurdish Qazaxistan
13%
Azerbaijani Qazaxıstan
13%
Kurdish Qeter
13%
Azerbaijani Qətər
13%
Azerbaijani Rusiya
13%
Azerbaijani Gürcüstan
7%
Azerbaijani İndoneziya
7%
Kurdish Îndonezya
7%
Ladino Jeorjia
7%
Tagalog Tsina
7%
Azerbaijani Yaponiya
7%
Tagalog Hapon
0%
Southern Min Ìn-nî
0%
Southern Min Í-sek-lia̍t
0%
Southern Min Ji̍t-pún
0%
Southern Min Lō͘-se-a
0%
Vietnamese Nga
0%
Vietnamese Nhật Bản
0%
Vietnamese Trung Quốc
0%
No matching quizzes found
Score Distribution
Percent of People with Each Score
Percentile by Number Answered
Your Score History
You have not taken this quiz